000
00319nam a2200133Ia 4500
008
190216s9999||||xx |||||||||||||| ||und||
100
_a
Pramod Koparkar
245
0
_a
Pascal For You
250
_a
1st Ed.
260
_b
Tata Mcgraw Hill Publishing Company Ltd
_c
1994
300
_a
262
650
_a
Computer
942
_c
BK
999
_c
8457
_d
8457